Statistics for how many times can you type Nintendo

Click here to take the quiz!

General Stats

  • This quiz has been taken 1,819 times
  • The average score is 41 of 64

Answer Stats

Answer% Correct
N
100%
I
95%
N
94%
T
93%
E
92%
N
92%
D
91%
O
90%
I
88%
N
88%
N
87%
T
87%
E
86%
N
86%
D
85%
O
84%
N
83%
I
82%
N
82%
T
80%
E
79%
N
79%
D
78%
O
78%
N
76%
I
75%
N
74%
T
72%
E
71%
N
71%
D
70%
O
69%
N
67%
I
66%
N
66%
T
64%
E
63%
N
62%
D
60%
O
59%
N
57%
I
55%
N
54%
T
52%
E
50%
N
50%
D
49%
O
48%
N
46%
I
44%
N
43%
T
41%
E
40%
N
38%
D
36%
O
35%
N
33%
I
32%
N
31%
T
29%
E
28%
N
27%
D
26%
O
25%

Score Distribution

Percentile by Number Answered

Percent of People with Each Score

Your Score History

You have not taken this quiz